New experiments in crop protection. 3. (Record no. 72974)

MARC details
000 -LEADER
fixed length control field 00393nam a2200157Ia 4500
100 ## - MAIN ENTRY--AUTHOR NAME
Personal name Jacob C.K.
245 #0 - TITLE STATEMENT
Title New experiments in crop protection. 3.
260 ## - PUBLICATION, DISTRIBUTION, ETC. (IMPRINT)
Name of publisher rubber
Year of publication 2003
650 ## - SUBJECT ADDED ENTRY--TOPICAL TERM
Topical Term Brown bast
650 ## - SUBJECT ADDED ENTRY--TOPICAL TERM
Topical Term Environment friendly crop protection
650 ## - SUBJECT ADDED ENTRY--TOPICAL TERM
Topical Term Insect pests
650 ## - SUBJECT ADDED ENTRY--TOPICAL TERM
Topical Term Nematodes
650 ## - SUBJECT ADDED ENTRY--TOPICAL TERM
Topical Term TPD
942 ## - ADDED ENTRY ELEMENTS (KOHA)
Koha item type Malayalam
Holdings
Withdrawn status Lost status Damaged status Not for loan Home library Current library Date acquired Serial Enumeration / chronology Koha item type
      Journals RRII Library RRII Library 29/12/2021 Volume, Issue 451 Malayalam